|
|
|
|
| LEADER |
00000naa2a2200000 4500 |
| 001 |
133252 |
| 005 |
20231031135249.0 |
| 035 |
|
|
|a (RuTPU)RU\TPU\book\144388
|
| 090 |
|
|
|a 133252
|
| 100 |
|
|
|a 20080314d2007 k y0rusy50 ca
|
| 101 |
0 |
|
|a rus
|
| 102 |
|
|
|a RU
|
| 200 |
1 |
|
|a Эффективность управления конфликтными ситуациями
|f К. В. Гнедаш
|g науч. рук. О. Н. Жданова
|
| 320 |
|
|
|a Библиогр.: 5 назв.
|
| 461 |
|
0 |
|0 (RuTPU)RU\TPU\book\169966
|t Энергия молодых - экономике России
|o труды VIII Международной научно-практической конференции студентов и молодых ученых, г. Томск, 19-22 марта 2007 г.
|f Томский политехнический университет (ТПУ) ; Вольное экономическое общество России (ВЭО России) ; Международный союз экономистов (МСЭ)
|d 2007
|
| 463 |
|
0 |
|0 (RuTPU)RU\TPU\book\136477
|t [Ч. 1]
|v С. 441-443
|d 2007
|
| 610 |
1 |
|
|a конфликты
|
| 610 |
1 |
|
|a управление
|
| 610 |
1 |
|
|a конфликтные ситуации
|
| 610 |
1 |
|
|a психология
|
| 610 |
1 |
|
|a менеджеры
|
| 610 |
1 |
|
|a компьютеризация
|
| 610 |
1 |
|
|a кадровая политика
|
| 610 |
1 |
|
|a труды учёных ТПУ
|
| 700 |
|
1 |
|a Гнедаш
|b К. В.
|
| 702 |
|
1 |
|a Жданова
|b О. Н.
|c российский учёный в области экономических наук
|c старший преподаватель Юргинского технологического института (филиал) Томский политехнический университет
|g Ольга Николаевна
|2 stltpush
|4 727
|
| 801 |
|
1 |
|a RU
|b 63413507
|c 20080314
|g PSBO
|
| 801 |
|
2 |
|a RU
|b 63413507
|c 20161007
|g RCR
|
| 942 |
|
|
|c BK
|